[Event "Junior Online 4NCL Division 1"]
[Site "online"]
[Date "2021.04.01"]
[EventDate "2021.04.01"]
[Round "6.146"]
[White "Parnes, Shira"]
[WhiteElo "1669"]
[WhiteTeam "Ojays B"]
[Black "Gogia, Abeer"]
[BlackElo "1493"]
[BlackTeam "4 Gems"]
[Result "1-0"]
[PlyCount "58"]

1. e4 c5 2. Nf3 d6 3. d4 cxd4 4. Nxd4 Nf6 5. Nc3 Nc6 6. Be3 e6 7. f3 Nxd4 8. Bxd4 Be7 9. Qd2 Bd7 10. O-O-O Qc7 11. g4 Bc6 12. h4 e5 13. Be3 Nd7 14. h5 h6 15. g5 hxg5 16. Bxg5 f6 17. Be3 Rc8 18. h6 g6 19. Qg2 g5 20. Qh3 Nb6 21. h7 Bd7 22. Qh5+ Kf8 23. Qh6+ Kf7 24. Bh3 Bf8 25. Qh5+ Ke7 26. Qg6 Be8 27. Qg8 Rxg8 28. hxg8=Q Bf7 29. Qh7 Nc4 {[W: 0:08:49; B: 0:04:51]} 1-0

[Event "Junior Online 4NCL Division 1"]
[Site "online"]
[Date "2021.04.01"]
[EventDate "2021.04.01"]
[Round "6.147"]
[White "Rizvi, Zara"]
[WhiteElo "1333"]
[WhiteTeam "4 Gems"]
[Black "Turner, Ben"]
[BlackElo "1607"]
[BlackTeam "Ojays B"]
[Result "0-1"]
[PlyCount "48"]

1. d4 Nf6 2. c4 e6 3. Nc3 Bb4 4. Bd2 Bxc3 5. Bxc3 d5 6. e3 O-O 7. Bd3 Nbd7 8. Nf3 c5 9. cxd5 Nxd5 10. e4 Nxc3 11. bxc3 cxd4 12. cxd4 Nf6 13. O-O b6 14. Bc4 Bb7 15. Re1 Nxe4 16. Bd3 Nf6 17. Be2 Nd5 18. Qc2 Rc8 19. Qb1 Nc3 20. Qd3 Nxe2+ 21. Rxe2 Bxf3 22. Qxf3 Qxd4 23. Qb7 Qxa1+ 24. Re1 Qxe1# {[W: 0:01:18; B: 0:06:53]} 0-1

[Event "Junior Online 4NCL Division 1"]
[Site "online"]
[Date "2021.04.01"]
[EventDate "2021.04.01"]
[Round "6.148"]
[White "Hertog, Alexander"]
[WhiteElo "1593"]
[WhiteTeam "Ojays B"]
[Black "Rizvi, Aysha"]
[BlackElo "1305"]
[BlackTeam "4 Gems"]
[Result "1-0"]
[PlyCount "113"]

1. c4 c5 2. e3 d5 3. cxd5 Qxd5 4. Nc3 Qd8 5. Nf3 Nf6 6. Bc4 g6 7. d4 cxd4 8. Qxd4 Qxd4 9. Nxd4 Bg7 10. O-O Nc6 11. Nxc6 bxc6 12. Bd3 O-O 13. Rb1 Nd5 14. Nxd5 cxd5 15. b3 Bb7 16. Bb2 Bxb2 17. Rxb2 e5 18. Rc2 Rac8 19. Rfc1 Rxc2 20. Rxc2 Rc8 21. Rxc8+ Bxc8 22. a4 Kg7 23. b4 d4 24. exd4 exd4 25. Kf1 Kf6 26. Ke2 Ke5 27. g3 Bf5 28. Bxf5 Kxf5 29. Kd3 Ke5 30. a5 Kd5 31. f4 a6 32. g4 f5 33. g5 Kc6 34. Kxd4 Kb5 35. Kc3 Ka4 36. Kc4 Ka3 37. Kc5 Kb3 38. Kb6 Kxb4 39. Kxa6 Kc5 40. Kb7 Kb5 41. a6 Kc4 42. a7 Kd3 43. a8=Q Ke3 44. Qb8 Kf3 45. Qc7 Kg4 46. Qxh7 Kxf4 47. Qxg6 Kg4 48. h4 f4 49. h5 f3 50. h6 f2 51. Qf6 Kg3 52. Qxf2+ Kxf2 53. g6 Ke3 54. g7 Kf4 55. h7 Ke5 56. g8=Q Kf6 57. h8=Q+ {[W: 0:09:51; B: 0:06:03]} 1-0

[Event "Junior Online 4NCL Division 1"]
[Site "online"]
[Date "2021.04.01"]
[EventDate "2021.04.01"]
[Round "6.151"]
[White "Mehta, Shaurya"]
[WhiteElo "1591"]
[WhiteTeam "KJCA Young Kestrels D"]
[Black "Walia, Michael Kanishk"]
[BlackElo "1335"]
[BlackTeam "Edgware Gambits B"]
[Result "0-1"]
[PlyCount "96"]

1. e4 e6 2. d4 d5 3. exd5 exd5 4. c4 Nf6 5. Bg5 Be7 6. Nc3 c6 7. h3 O-O 8. Nf3 Re8 9. Be2 dxc4 10. O-O Be6 11. Ne5 Nd5 12. Bxe7 Qxe7 13. Bxc4 Nxc3 14. bxc3 Bxc4 15. Nxc4 Nd7 16. Re1 Qg5 17. Nd6 Rf8 18. Qb3 Nf6 19. Re5 Qg6 20. Rae1 Nd7 21. Re7 Qxd6 22. Qxb7 Nb6 23. Rd7 Qxd7 24. Qa6 Qd5 25. Re5 Qc4 26. Qa3 Nd5 27. Qb2 Qxc3 28. Qe2 Qxd4 29. Rg5 Rfe8 30. Qf3 Qf6 31. Rf5 Qd6 32. g3 Nf6 33. Rg5 Rad8 34. h4 Qd1+ 35. Qxd1 Rxd1+ 36. Kg2 Rd2 37. a4 Rd5 38. Rxd5 Nxd5 39. g4 Re4 40. f3 Rxa4 41. Kg3 a5 42. h5 Rb4 43. Kh4 a4 44. f4 a3 45. Kg5 a2 46. f5 a1=Q 47. h6 Qf6+ 48. Kh5 Qxh6# {[W: 0:06:23; B: 0:05:58]} 0-1

[Event "Junior Online 4NCL Division 1"]
[Site "online"]
[Date "2021.04.01"]
[EventDate "2021.04.01"]
[Round "6.152"]
[White "Barbier-Ramaiah, Riya Aude"]
[WhiteElo "1327"]
[WhiteTeam "Edgware Gambits B"]
[Black "Adriel, Au"]
[BlackElo "1506"]
[BlackTeam "KJCA Young Kestrels D"]
[Result "0-1"]
[PlyCount "88"]

1. e4 c5 2. Nc3 d6 3. Bb5+ Bd7 4. Bxd7+ Qxd7 5. f4 g6 6. d3 Bg7 7. Nf3 Nc6 8. O-O f5 9. Qe1 O-O-O 10. Bd2 Nf6 11. e5 dxe5 12. fxe5 Ng4 13. e6 Bd4+ 14. Kh1 Qc7 15. Nb5 Qb6 16. Nbxd4 Nxd4 17. Nxd4 cxd4 18. h3 Ne3 19. Ba5 Qc6 20. Rf2 Rd6 21. Bd2 Nxc2 22. Qc1 Nxa1 23. Qxa1 Rxe6 24. b3 Rd6 25. Rf1 Kd7 26. Bf4 Rd5 27. Re1 Rc8 28. Qd1 Qf6 29. Qe2 Rcc5 30. Qf2 e5 31. Bg3 f4 32. Bh2 g5 33. Qe2 a5 34. g3 Rc3 35. gxf4 gxf4 36. Qe4 Rdc5 37. Qxb7+ Rc7 38. Qe4 Rc2 39. Qxh7+ Kd6 40. Qe4 Qg7 41. Re2 Rxe2 42. Qxe2 Rc1+ 43. Qd1 Rxd1+ 44. Bg1 Qxg1# {[W: 0:00:06; B: 0:00:25]} 0-1

[Event "Junior Online 4NCL Division 1"]
[Site "online"]
[Date "2021.04.01"]
[EventDate "2021.04.01"]
[Round "6.153"]
[White "Chaban, Roxolana"]
[WhiteElo "1563"]
[WhiteTeam "KJCA Young Kestrels D"]
[Black "Joshi, Aarav"]
[BlackElo "1323"]
[BlackTeam "Edgware Gambits B"]
[Result "1-0"]
[PlyCount "61"]

1. e4 c5 2. Nf3 d6 3. d4 cxd4 4. Nxd4 Nf6 5. Nc3 g6 6. Be3 Bg7 7. f3 O-O 8. Qd2 Nc6 9. O-O-O Bd7 10. g4 Nxg4 11. fxg4 Bxg4 12. Re1 Rc8 13. Nxc6 Rxc6 14. Bb5 Rc8 15. Bh6 Bxh6 16. Qxh6 Qa5 17. Rhg1 Be6 18. Bd3 a6 19. a3 b5 20. Qg5 f6 21. Qh5 Rc5 22. Qf3 b4 23. axb4 Qxb4 24. h4 a5 25. Rg3 a4 26. h5 Rxh5 27. Qxh5 a3 28. Rxg6+ hxg6 29. Qxg6+ Kh8 30. Rh1+ Bh3 31. Rxh3# {[W: 0:00:22; B: 0:03:13]} 1-0

[Event "Junior Online 4NCL Division 1"]
[Site "online"]
[Date "2021.04.01"]
[EventDate "2021.04.01"]
[Round "6.154"]
[White "Shah, Rahul"]
[WhiteElo "1302"]
[WhiteTeam "Edgware Gambits B"]
[Black "Mann, Lev"]
[BlackElo "1558"]
[BlackTeam "KJCA Young Kestrels D"]
[Result "0-1"]
[PlyCount "126"]

1. d4 Nf6 2. c4 e6 3. Nc3 Bb4 4. Bg5 c5 5. e3 h6 6. Bh4 O-O 7. Nf3 d6 8. Be2 Bxc3+ 9. bxc3 Nc6 10. O-O b6 11. Qa4 Bb7 12. Rfe1 Qe7 13. Rad1 cxd4 14. cxd4 Rac8 15. Bd3 Na5 16. Nd2 d5 17. cxd5 Bxd5 18. e4 Bc6 19. Bb5 Bxb5 20. Qxb5 Qd7 21. Qxd7 Nxd7 22. Nf3 Rc2 23. Rd2 Rfc8 24. h3 Rxd2 25. Nxd2 Rc2 26. Nb3 Rxa2 27. Nxa5 Rxa5 28. Rd1 Ra4 29. d5 exd5 30. Rxd5 Rxe4 31. Rxd7 Rxh4 32. Rxa7 b5 33. Rb7 Rb4 34. Rb8+ Kh7 35. Kf1 Kg6 36. Ke2 Kf5 37. Kd3 Rb3+ 38. Kd4 Rb2 39. Rf8 Ke6 40. Ke3 b4 41. Rb8 b3 42. f3 Rb1 43. Kd3 b2 44. Kc2 Rg1 45. Kxb2 Rxg2+ 46. Kc3 Rg3 47. Re8+ Kf5 48. Re3 Kf4 49. Rd3 Rxf3 50. Rxf3+ Kxf3 51. Kd4 Kg3 52. Ke5 Kxh3 53. Kf5 g5 54. Kf6 g4 55. Kxf7 g3 56. Kg6 g2 57. Kxh6 g1=Q 58. Kh5 Qg4+ 59. Kh6 Kh4 60. Kh7 Kh5 61. Kh8 Qd7 62. Kg8 Kg6 63. Kf8 Qf7# {[W: 0:02:10; B: 0:02:37]} 0-1

[Event "Junior Online 4NCL Division 1"]
[Site "online"]
[Date "2021.04.01"]
[EventDate "2021.04.01"]
[Round "6.155"]
[White "Walia, Michael Kanishk"]
[WhiteElo "1335"]
[WhiteTeam "Edgware Gambits B"]
[Black "Mehta, Shaurya"]
[BlackElo "1591"]
[BlackTeam "KJCA Young Kestrels D"]
[Result "0-1"]
[PlyCount "130"]

1. e4 e5 2. Nf3 Nc6 3. d4 exd4 4. Nxd4 Bc5 5. Be3 Bxd4 6. Bxd4 Nf6 7. Nc3 d6 8. Be3 Bg4 9. Be2 Be6 10. O-O h6 11. Re1 O-O 12. Bf3 Ne5 13. Be2 c6 14. Bd4 Nfd7 15. f4 Nc4 16. f5 Bxf5 17. exf5 Ncb6 18. Bf2 d5 19. Bg4 Re8 20. Rxe8+ Qxe8 21. Qe1 Qd8 22. Qe2 Nf6 23. Bh3 Qd7 24. Bxb6 axb6 25. Qf2 d4 26. Ne2 c5 27. a3 Re8 28. Ng3 Qb5 29. b3 d3 30. a4 Qa6 31. cxd3 Qxd3 32. Rb1 Qxb1+ 33. Nf1 Qxb3 34. Qf4 Qd5 35. Ne3 Qd3 36. Nf1 Qd4+ 37. Qxd4 cxd4 38. Nd2 Ne4 39. Nc4 d3 40. Nxb6 d2 41. Bg4 Nc3 42. Nc4 d1=Q+ 43. Bxd1 Nxd1 44. Nd6 Rb8 45. Kf1 Nc3 46. a5 Kf8 47. Ke1 Ke7 48. Kd2 Kxd6 49. Kxc3 Ke5 50. Kc4 Kxf5 51. Kc5 Ra8 52. Kb6 Ke4 53. Kxb7 Rxa5 54. Kc7 Ke3 55. Kd7 Kf2 56. Ke7 Kxg2 57. Kxf7 Kxh2 58. Kxg7 Ra6 59. Kg8 Ra7 60. Kh8 Kg3 61. Kg8 Kg4 62. Kh8 h5 63. Kg8 Kg5 64. Kh8 Kg6 65. Kg8 Ra8# {[W: 0:03:56; B: 0:06:29]} 0-1

[Event "Junior Online 4NCL Division 1"]
[Site "online"]
[Date "2021.04.01"]
[EventDate "2021.04.01"]
[Round "6.156"]
[White "Adriel, Au"]
[WhiteElo "1506"]
[WhiteTeam "KJCA Young Kestrels D"]
[Black "Barbier-Ramaiah, Riya Aude"]
[BlackElo "1327"]
[BlackTeam "Edgware Gambits B"]
[Result "1-0"]
[PlyCount "89"]

1. d4 d5 2. c4 e6 3. Nf3 Nf6 4. Nc3 Nbd7 5. Bf4 c6 6. e3 Be7 7. Bd3 O-O 8. O-O Qb6 9. Na4 Qb4 10. c5 b5 11. cxb6 Nxb6 12. Nxb6 axb6 13. Qb3 Qxb3 14. axb3 Rxa1 15. Rxa1 Bb7 16. Ra7 Ba6 17. Rxa6 c5 18. Rxb6 cxd4 19. exd4 Rc8 20. Rb8 Rxb8 21. Bxb8 Nd7 22. Bg3 Bf6 23. Ne5 Nxe5 24. Bxe5 Bg5 25. b4 Bc1 26. b3 Bd2 27. b5 Ba5 28. Bd6 f6 29. f4 h6 30. Bc5 Bc7 31. g3 Kf7 32. Kf2 Ke8 33. Bg6+ Kd7 34. Ke3 Kc8 35. Bf7 e5 36. fxe5 fxe5 37. dxe5 Bxe5 38. Bxd5 Kb8 39. Ke4 Bc7 40. b6 Bd8 41. Bd6+ Kc8 42. b7+ Kd7 43. b8=Q Ke8 44. Bc7 Kd7 45. Qxd8# {[W: 0:08:44; B: 0:00:13]} 1-0

[Event "Junior Online 4NCL Division 1"]
[Site "online"]
[Date "2021.04.01"]
[EventDate "2021.04.01"]
[Round "6.157"]
[White "Joshi, Aarav"]
[WhiteElo "1323"]
[WhiteTeam "Edgware Gambits B"]
[Black "Chaban, Roxolana"]
[BlackElo "1563"]
[BlackTeam "KJCA Young Kestrels D"]
[Result "1/2-1/2"]
[PlyCount "161"]

1. e4 c5 2. Nc3 g6 3. f4 Bg7 4. Nf3 Nc6 5. Bb5 Nd4 6. Nxd4 cxd4 7. Ne2 a6 8. Bd3 d6 9. c3 dxc3 10. dxc3 e6 11. O-O Ne7 12. Qe1 O-O 13. Qg3 d5 14. e5 Nf5 15. Qg4 b5 16. b4 Bb7 17. Bd2 Rc8 18. Ng3 Qb6+ 19. Kh1 Nxg3+ 20. Qxg3 d4 21. Rac1 dxc3 22. Rxc3 Rxc3 23. Bxc3 Qc6 24. Bd4 Qd5 25. Bc5 Rd8 26. Be2 Qxa2 27. Bf3 Bxf3 28. Qxf3 Qd5 29. Bd6 Qxf3 30. Rxf3 Bf8 31. Rd3 Bxd6 32. exd6 Kf8 33. Kg1 Ke8 34. Kf2 Kd7 35. Ra3 Ra8 36. Ke3 Kxd6 37. Kd4 f6 38. g4 e5+ 39. fxe5+ fxe5+ 40. Ke4 Ke6 41. Rc3 a5 42. bxa5 Rxa5 43. Rc5 Ra4+ 44. Kf3 b4 45. Rb5 Ra3+ 46. Ke4 b3 47. Rxe5+ Kf6 48. g5+ Kf7 49. Rb5 Ra4+ 50. Ke5 Rh4 51. Rxb3 Rxh2 52. Rb7+ Kg8 53. Rb8+ Kf7 54. Rb7+ Ke8 55. Rb8+ Kd7 56. Rb7+ Kc6 57. Rb4 Kc5 58. Re4 Rh5 59. Kf6 Kd5 60. Re5+ Kd4 61. Re6 Rh1 62. Kg7 Kd5 63. Rf6 Ke5 64. Rf2 Rh5 65. Rg2 Kf4 66. Kf6 Kf3 67. Rg1 Kf2 68. Rg4 Rh1 69. Rf4+ Kg3 70. Rd4 Rf1+ 71. Kg7 Rh1 72. Kf6 Rh4 73. Rd5 Rh5 74. Ra5 Kg4 75. Re5 Kf4 76. Ra5 h6 77. gxh6 Rxa5 78. Kxg6 Ra8 79. h7 Rh8 80. Kg7 Rxh7+ 81. Kxh7 {[W: 0:03:34; B: 0:00:19]} 1/2-1/2

[Event "Junior Online 4NCL Division 1"]
[Site "online"]
[Date "2021.04.01"]
[EventDate "2021.04.01"]
[Round "6.158"]
[White "Mann, Lev"]
[WhiteElo "1558"]
[WhiteTeam "KJCA Young Kestrels D"]
[Black "Shah, Rahul"]
[BlackElo "1302"]
[BlackTeam "Edgware Gambits B"]
[Result "1/2-1/2"]
[PlyCount "144"]

1. e4 c5 2. d4 cxd4 3. c3 dxc3 4. Nxc3 Nc6 5. Bc4 e6 6. Nf3 Nge7 7. O-O Ng6 8. Bg5 Be7 9. Bxe7 Qxe7 10. Rc1 O-O 11. Nb5 Na5 12. Nd6 Nxc4 13. Rxc4 b6 14. Rc7 Ba6 15. Re1 Rfd8 16. Qd4 h6 17. Ne5 Nxe5 18. Qxe5 f6 19. Qd4 e5 20. Qd5+ Qe6 21. Rd1 Qxd5 22. Rxd5 Be2 23. f3 a6 24. Nb7 Bb5 25. Nxd8 Rxd8 26. Rd6 Rb8 27. Kf2 Bc6 28. Ke3 Ra8 29. Rd3 Kf8 30. Rb3 b5 31. Kd2 Ke8 32. Rc3 Kd8 33. R7xc6 dxc6 34. Rxc6 Kd7 35. Rc3 Ke6 36. Rc7 g6 37. Rg7 g5 38. Rh7 Rd8+ 39. Kc3 b4+ 40. Kc2 a5 41. Rxh6 a4 42. Rh7 b3+ 43. axb3 axb3+ 44. Kxb3 Rd2 45. Ra7 Rxg2 46. Ra6+ Ke7 47. Kc3 Rxh2 48. Ra3 Rh3 49. Kc4 Rh2 50. b4 Rb2 51. Rd3 Kf7 52. Kb5 Kg6 53. Ka6 Kh5 54. b5 g4 55. fxg4+ Kxg4 56. b6 f5 57. exf5 Kxf5 58. b7 Ra2+ 59. Kb6 Rb2+ 60. Kc7 Rc2+ 61. Kb8 Rb2 62. Rd7 Ke6 63. Rh7 e4 64. Kc8 e3 65. b8=Q Rxb8+ 66. Kxb8 Kf5 67. Rh4 e2 68. Rh1 Kf4 69. Re1 Kf3 70. Kc7 Kf2 71. Ra1 e1=Q 72. Rxe1 Kxe1 {[W: 0:00:26; B: 0:00:34]} 1/2-1/2

[Event "Junior Online 4NCL Division 1"]
[Site "online"]
[Date "2021.04.01"]
[EventDate "2021.04.01"]
[Round "6.161"]
[White "Parry, Samuel"]
[WhiteElo "1837"]
[WhiteTeam "Manchester Juniors A"]
[Black "Carey, Alex"]
[BlackElo "1517"]
[BlackTeam "Stroud Cubs"]
[Result "1-0"]
[PlyCount "43"]

1. d4 d5 2. Nc3 Nf6 3. Bg5 c5 4. Bxf6 exf6 5. e3 Nc6 6. Qh5 Be6 7. Bb5 cxd4 8. exd4 Bb4 9. Ne2 Qd6 10. O-O O-O 11. a3 Ba5 12. Rad1 Bc7 13. Ng3 Qc5 14. dxc5 Ne5 15. Nf5 g6 16. Ne7+ Kg7 17. Qh4 h5 18. Ncxd5 Bb8 19. Qxf6+ Kh7 20. h3 g5 21. Qxg5 Rh8 22. Nf6# {[W: 0:00:20; B: 0:03:36]} 1-0

[Event "Junior Online 4NCL Division 1"]
[Site "online"]
[Date "2021.04.01"]
[EventDate "2021.04.01"]
[Round "6.162"]
[White "Edwards, Jacob"]
[WhiteElo "1420"]
[WhiteTeam "Stroud Cubs"]
[Black "Jackson, Edward"]
[BlackElo "1844"]
[BlackTeam "Manchester Juniors A"]
[Result "0-1"]
[PlyCount "70"]

1. d4 Nf6 2. Bf4 d5 3. e3 c5 4. c3 Nc6 5. Nf3 e6 6. Nbd2 Bd6 7. Ne5 Qc7 8. Ndf3 Nd7 9. Bb5 O-O 10. Bxc6 bxc6 11. Bg3 Ba6 12. Qd2 f6 13. Nxd7 Qxd7 14. O-O-O cxd4 15. exd4 Bc4 16. Kb1 Rab8 17. Qe3 Qb7 18. Rd2 Qa6 19. b3 Bxg3 20. hxg3 Qa3 21. Rb2 Rb7 22. Nd2 Rfb8 23. Nxc4 dxc4 24. b4 a5 25. Qxe6+ Kh8 26. Qxc4 axb4 27. cxb4 Rxb4 28. Rxb4 Rxb4+ 29. Qb3 Rxb3+ 30. axb3 Qxb3+ 31. Kc1 Qc3+ 32. Kb1 Qxd4 33. Rc1 Qb4+ 34. Ka2 h6 35. Rxc6 Qa4+ {[W: 0:07:49; B: 0:01:15]} 0-1

[Event "Junior Online 4NCL Division 1"]
[Site "online"]
[Date "2021.04.01"]
[EventDate "2021.04.01"]
[Round "6.163"]
[White "Gardiner, Ethan"]
[WhiteElo "1781"]
[WhiteTeam "Manchester Juniors A"]
[Black "Sarpotdar, Angad"]
[BlackElo "1448"]
[BlackTeam "Stroud Cubs"]
[Result "1-0"]
[PlyCount "72"]

1. e4 c5 2. Nc3 Nc6 3. g3 g6 4. Bg2 Bg7 5. d3 Nf6 6. h3 d6 7. Be3 Bd7 8. Qd2 O-O 9. Bh6 Nd4 10. Bxg7 Kxg7 11. h4 h5 12. Nge2 Rc8 13. f4 e5 14. O-O-O b5 15. Nd5 Nxd5 16. exd5 Bg4 17. Nxd4 Bxd1 18. Nc6 Rxc6 19. dxc6 Bg4 20. fxe5 dxe5 21. Re1 f6 22. Qe3 Qc7 23. Qxc5 Be6 24. Qxb5 Bxa2 25. b3 Rc8 26. Qb7 Qxb7 27. cxb7 Rb8 28. Kb2 Bxb3 29. cxb3 a5 30. Ra1 Kf7 31. Rxa5 Ke7 32. Ra6 Kd7 33. Rxf6 Kc7 34. Rf7+ Kb6 35. Kc3 Kc5 36. b4+ Kb5 {[W: 0:00:39; B: 0:01:01]} 1-0

[Event "Junior Online 4NCL Division 1"]
[Site "online"]
[Date "2021.04.01"]
[EventDate "2021.04.01"]
[Round "6.164"]
[White "Ashworth, Jaime"]
[WhiteElo "1342"]
[WhiteTeam "Stroud Cubs"]
[Black "Pelling, Kyle"]
[BlackElo "1765"]
[BlackTeam "Manchester Juniors A"]
[Result "0-1"]
[PlyCount "82"]

1. e4 c6 2. Nf3 d5 3. exd5 cxd5 4. c3 Nc6 5. d4 Bf5 6. Bf4 Nf6 7. Nbd2 e6 8. Bb5 a6 9. Ba4 b5 10. Bc2 Bxc2 11. Qxc2 Bd6 12. Bxd6 Qxd6 13. O-O O-O 14. Rfe1 Rac8 15. Re2 Qf4 16. Rae1 Nxd4 17. Nxd4 Qxd4 18. Nf3 Qb6 19. Qd3 Rfd8 20. Qe3 Qxe3 21. Rxe3 Ne4 22. Ne5 a5 23. Rf3 Rc7 24. Rf4 Rdc8 25. f3 Nd6 26. Ng4 Nc4 27. b3 Nd6 28. b4 axb4 29. cxb4 Rc4 30. Rxc4 Rxc4 31. a3 Rc8 32. Ne3 Nc4 33. Nxc4 dxc4 34. Rc1 Kf8 35. Kf2 Ke7 36. Ke3 Rd8 37. Ke2 Rd3 38. Ra1 Rb3 39. Kd2 Rb2+ 40. Ke1 Rxg2 41. h4 Rg1+ {[W: 0:00:14; B: 0:00:35]} 0-1

[Event "Junior Online 4NCL Division 1"]
[Site "online"]
[Date "2021.04.01"]
[EventDate "2021.04.01"]
[Round "6.165"]
[White "Carey, Alex"]
[WhiteElo "1517"]
[WhiteTeam "Stroud Cubs"]
[Black "Parry, Samuel"]
[BlackElo "1837"]
[BlackTeam "Manchester Juniors A"]
[Result "1-0"]
[PlyCount "65"]

1. e4 c5 2. Nf3 d6 3. d4 cxd4 4. Nxd4 Nf6 5. Nc3 g6 6. Be3 Bg7 7. Bb5+ Nbd7 8. Qd2 Ng4 9. Bg5 h6 10. Bh4 O-O 11. f3 Ngf6 12. O-O-O a6 13. Ba4 b5 14. Bb3 b4 15. Nd5 Nxd5 16. Bxd5 Rb8 17. Nc6 Qc7 18. Nxb8 Qxb8 19. Bb3 Nf6 20. g4 Be6 21. Bg3 Qc7 22. Qxb4 Rb8 23. Qc3 Qb7 24. Bxe6 Nxe4 25. Bxf7+ Kh7 26. Qb3 Bxb2+ 27. Kxb2 Qc8 28. fxe4 Rxb3+ 29. axb3 Qxg4 30. e5 dxe5 31. Bxe5 Qf5 32. Bxg6+ Qxg6 33. Rhg1 {[W: 0:03:29; B: 0:00:14]} 1-0

[Event "Junior Online 4NCL Division 1"]
[Site "online"]
[Date "2021.04.01"]
[EventDate "2021.04.01"]
[Round "6.166"]
[White "Jackson, Edward"]
[WhiteElo "1844"]
[WhiteTeam "Manchester Juniors A"]
[Black "Edwards, Jacob"]
[BlackElo "1420"]
[BlackTeam "Stroud Cubs"]
[Result "1-0"]
[PlyCount "47"]

1. e4 d5 2. exd5 Nf6 3. d4 Nxd5 4. Nf3 Bf5 5. Be2 e6 6. O-O c5 7. dxc5 Bxc5 8. c4 Nb4 9. Qxd8+ Kxd8 10. Na3 N8c6 11. Bf4 Ke7 12. Nb5 a6 13. Nc3 h6 14. a3 Nc2 15. Rac1 Rad8 16. b4 Ba7 17. c5 N6d4 18. Bd6+ Kf6 19. Nxd4 Nxd4 20. Bc4 e5 21. Nd5+ Kg5 22. Bxe5 Ne6 23. f4+ Kg6 24. Ne7+ {[W: 0:05:34; B: 0:09:23]} 1-0

[Event "Junior Online 4NCL Division 1"]
[Site "online"]
[Date "2021.04.01"]
[EventDate "2021.04.01"]
[Round "6.167"]
[White "Sarpotdar, Angad"]
[WhiteElo "1448"]
[WhiteTeam "Stroud Cubs"]
[Black "Gardiner, Ethan"]
[BlackElo "1781"]
[BlackTeam "Manchester Juniors A"]
[Result "0-1"]
[PlyCount "96"]

1. e4 e5 2. Nf3 Nc6 3. Bb5 a6 4. Bxc6 dxc6 5. O-O f6 6. Nc3 Bc5 7. Na4 Ba7 8. d3 Bg4 9. h3 Bh5 10. Be3 Bxe3 11. fxe3 Ne7 12. g4 Bf7 13. d4 exd4 14. exd4 O-O 15. c3 Re8 16. b3 Ng6 17. Qd2 b6 18. Rad1 Rxe4 19. Nb2 Qe7 20. Rfe1 Re8 21. Rxe4 Qxe4 22. Re1 Qxf3 23. Rxe8+ Bxe8 24. Qe1 Bf7 25. Nc4 Qxh3 26. Qe2 Qg3+ 27. Kf1 Nf4 28. Qe7 Qf3+ 29. Ke1 Qe2+ 30. Qxe2 Nxe2 31. Kxe2 Bxc4+ 32. bxc4 Kf7 33. Kf3 Ke6 34. Ke4 g6 35. Ke3 b5 36. c5 h6 37. Kf3 h5 38. gxh5 gxh5 39. Kg3 a5 40. a3 Kd5 41. Kh4 Kc4 42. Kxh5 Kxc3 43. Kg6 Kxd4 44. Kxf6 Kxc5 45. Ke7 Kb6 46. Kd7 c5 47. Kc8 b4 48. Kd7 bxa3 {[W: 0:00:39; B: 0:00:45]} 0-1

[Event "Junior Online 4NCL Division 1"]
[Site "online"]
[Date "2021.04.01"]
[EventDate "2021.04.01"]
[Round "6.168"]
[White "Pelling, Kyle"]
[WhiteElo "1765"]
[WhiteTeam "Manchester Juniors A"]
[Black "Ashworth, Jaime"]
[BlackElo "1342"]
[BlackTeam "Stroud Cubs"]
[Result "1-0"]
[PlyCount "105"]

1. e4 e6 2. d4 d5 3. Nc3 c5 4. exd5 exd5 5. Bb5+ Bd7 6. Bxd7+ Qxd7 7. dxc5 Bxc5 8. Qxd5 Qxd5 9. Nxd5 Bd6 10. c4 Nc6 11. c5 Be5 12. f4 Bb8 13. Ne2 Nge7 14. Nxe7 Nxe7 15. Nc3 O-O 16. O-O Ng6 17. g3 Bc7 18. Be3 Rfe8 19. Rfe1 Re7 20. Nd5 Rd7 21. Nxc7 Rxc7 22. Rad1 Nf8 23. f5 Nd7 24. Bf4 Rxc5 25. Rxd7 b6 26. Rde7 Rcc8 27. Rb7 Re8 28. Rxe8+ Rxe8 29. Rb8 Rxb8 30. Bxb8 a6 31. Kf2 b5 32. Bd6 f6 33. Ke3 Kf7 34. Kd4 Ke8 35. Kc5 Kd7 36. Bf8 g5 37. Bg7 Ke7 38. Kb6 Kf7 39. Bh8 h6 40. Kxa6 b4 41. a3 bxa3 42. bxa3 h5 43. Kb6 h4 44. a4 hxg3 45. hxg3 g4 46. a5 Ke7 47. a6 Kf7 48. a7 Ke7 49. a8=Q Kf7 50. Qb7+ Ke8 51. Bxf6 Kf8 52. Qe7+ Kg8 53. Qg7# {[W: 0:05:17; B: 0:00:51]} 1-0

[Event "Junior Online 4NCL Division 2"]
[Site "online"]
[Date "2021.03.18"]
[EventDate "2021.03.18"]
[Round "5.11"]
[White "Maladkar, Lavanya"]
[WhiteElo "1719"]
[WhiteTeam "Maid Marians"]
[Black "Rivera Machens, Rafael"]
[BlackElo "1295"]
[BlackTeam "Ojays E"]
[Result "1-0"]
[PlyCount "101"]

1. d4 d5 2. c4 e6 3. Nc3 Nf6 4. Nf3 c6 5. Bg5 Nbd7 6. h3 Qa5 7. Bd2 Bb4 8. a3 Bxc3 9. Bxc3 Qc7 10. e3 Nb6 11. b3 dxc4 12. bxc4 O-O 13. Be2 h6 14. O-O Bd7 15. Qc2 Qd8 16. Rfd1 Rc8 17. Bb4 Re8 18. e4 Qc7 19. e5 Nh7 20. Bd3 Nf8 21. Bd6 Qd8 22. a4 Ra8 23. a5 Nc8 24. Bb4 Ng6 25. Bxg6 fxg6 26. Qxg6 Ne7 27. Qc2 Nf5 28. Qc3 Nh4 29. Nxh4 Qxh4 30. Rd3 Rf8 31. Bxf8 Rxf8 32. Rf3 Rxf3 33. Qxf3 b5 34. Rb1 a6 35. cxb5 axb5 36. a6 Qd8 37. a7 Qa8 38. Ra1 Bc8 39. Qb3 Bd7 40. Qb4 Kf7 41. Qd6 Kg6 42. Qxd7 Qxa7 43. Rxa7 Kf5 44. Qf7+ Ke4 45. Qxe6 Kxd4 46. Qxc6 Kxe5 47. Rd7 Kf5 48. Qf3+ Kg6 49. Rd6+ Kh7 50. Qf5+ Kh8 51. Rd8# {[W: 0:05:25; B: 0:07:48]} 1-0

[Event "Junior Online 4NCL Division 2"]
[Site "online"]
[Date "2021.03.18"]
[EventDate "2021.03.18"]
[Round "5.12"]
[White "Lakha, Leila"]
[WhiteElo "1233"]
[WhiteTeam "Ojays E"]
[Black "Wang, Susie"]
[BlackElo "1760"]
[BlackTeam "Maid Marians"]
[Result "0-1"]
[PlyCount "30"]

1. e4 e5 2. Nf3 Nc6 3. Nc3 Nf6 4. Bc4 Bc5 5. h3 d6 6. d3 Be6 7. Bxe6 fxe6 8. Nb5 a6 9. d4 exd4 10. Nbxd4 Nxd4 11. Nxd4 Nxe4 12. Nxe6 Bxf2+ 13. Kf1 Qf6 14. Nxc7+ Kd8 15. Nxa8 Ng3# {[W: 0:09:03; B: 0:08:29]} 0-1

[Event "Junior Online 4NCL Division 2"]
[Site "online"]
[Date "2021.03.18"]
[EventDate "2021.03.18"]
[Round "5.13"]
[White "Arlachova, Alexandra"]
[WhiteElo "1403"]
[WhiteTeam "Maid Marians"]
[Black "Houlihan, Elisabeth"]
[BlackElo "1227"]
[BlackTeam "Ojays E"]
[Result "1-0"]
[PlyCount "53"]

1. e4 e5 2. Nf3 Nc6 3. Bc4 Bc5 4. c3 Qf6 5. O-O d6 6. d3 Nge7 7. Bg5 Qg6 8. Re1 f6 9. Bc1 h6 10. d4 exd4 11. cxd4 Nxd4 12. Nxd4 Nc6 13. Nxc6 bxc6 14. Nc3 Bd7 15. Be3 Bxe3 16. Rxe3 f5 17. Rg3 Qf6 18. exf5 Bxf5 19. Qe2+ Qe7 20. Re3 Qxe3 21. Qxe3+ Kd8 22. h3 Re8 23. Qf3 Bg6 24. Qxc6 Rc8 25. Bb5 Re7 26. Nd5 Rf7 27. Qe8# {[W: 0:09:18; B: 0:05:55]} 1-0

[Event "Junior Online 4NCL Division 2"]
[Site "online"]
[Date "2021.03.18"]
[EventDate "2021.03.18"]
[Round "5.14"]
[White "Baker, Lawrence"]
[WhiteElo "1228"]
[WhiteTeam "Ojays E"]
[Black "Hariharan, Shambavi"]
[BlackElo "1434"]
[BlackTeam "Maid Marians"]
[Result "0-1"]
[PlyCount "48"]

1. e4 c6 2. Nf3 d5 3. d3 dxe4 4. dxe4 Qxd1+ 5. Kxd1 Bg4 6. Be2 Nd7 7. Bf4 h6 8. Nc3 O-O-O 9. Bd3 Bxf3+ 10. gxf3 e5 11. Be3 Bc5 12. Bxc5 Nxc5 13. Ke2 Nxd3 14. cxd3 Nf6 15. Rhg1 g6 16. Rac1 Kb8 17. Nd1 Nh5 18. Ne3 Nf4+ 19. Kd2 Nxd3 20. Rcf1 Nxf2+ 21. Ke2 Nh3 22. Rg3 Nf4+ 23. Kf2 Rd2+ 24. Ke1 Re2+ {[W: 0:05:07; B: 0:06:47]} 0-1